| 000 | 00470nam a22001577a 4500 | ||
|---|---|---|---|
| 020 | _qHBK. | ||
| 082 | _a658 | ||
| 100 | _aAli, M Qasim | ||
| 245 |
_aAdding Tangibility in Intangibility of Services: A Case Study on Easypaisa _cM Qasim Ali |
||
| 260 |
_aIslamabad: _bNBS - NUST, |
||
| 300 |
_a76 p. : ill. ; _c30cm. |
||
| 650 |
_aMBA Thesis. _917629 |
||
| 700 |
_aMs. Maria Qadria _918996 |
||
| 942 |
_2ddc _cTHE |
||
| 999 |
_c527639 _d527639 |
||